| 000 | 00953nam a22002651a 4500 | ||
|---|---|---|---|
| 001 | 2506124 | ||
| 005 | 20110718124950.0 | ||
| 008 | 921125t19931961miu f 000 0 eng | ||
| 010 |
_a92041321 _a92041321 |
||
| 020 | _a0802806503 | ||
| 035 | _9(DLC) 92041321 | ||
| 040 |
_aDLC _cDLC _dDLC |
||
| 050 | 0 | 0 |
_aBV25 _b.M36 1993 |
| 082 | 0 | 0 |
_aBV 25.M36 1992 _220 |
| 100 | 1 | _aMcNeil, Jesse Jai. | |
| 245 | 1 | 0 |
_aMinister's service book for pulpit and parish / _cJesse Jai McNeil. |
| 250 | _a1st paperback ed. | ||
| 260 |
_aGrand Rapids, Mich. : _bW.E. Eerdmans, _c1993, c1961. |
||
| 300 | _axiii, 249 p. ; 17 cm. | ||
| 650 | 0 | _aPublishing - Africa, Eastern - Publishers. | |
| 906 |
_a7 _bcbc _corignew _d1 _eocip _f19 _gy-gencatlg |
||
| 920 | _a**LC HAS REQ'D # OF SHELF COPIES** | ||
| 991 |
_bc-GenColl _hBV25 _i.M36 1993 _tCopy 1 _wBOOKS |
||
| 999 |
_c23692 _d23692 |
||